000 00956nam a2200277Ia 4500
003 GCL
008 140319s9999 xx 000 0 ara d
040 _aGCL /
_cGCL
082 0 4 _a631
_bم م
100 1 _aمحمد عيسى صالحين (تحقيق)
245 1 0 _aمفتاح الراحة لاهل الفلاحة /
_cمحمد عيسى صالحين (تحقيق)
700 1 _aاحسان صدقى العمد
260 _a[S.N] :
_bالمجلس الوطنى للثقافة والفنون والاداب ،
_c1984
300 _a480 ص
490 _aالسلسلة التراثية
_v0
650 0 4 _aتاريخ
650 0 4 _aالحضارة العربية الاسلامية - المعارف البحرية
650 0 4 _aالتراث
650 0 4 _aالزراعة
650 0 4 _aالفواكهة
650 0 4 _aالنبات
650 0 4 _aالعلوم عند العرب
650 0 4 _aالفلاحة
650 0 4 _aالبذور
942 _2ddc
_cBK
999 _c29402
_d29402